[Event "RSA-chT U18"]
[Site "Cape Town"]
[Date "2016.01.04"]
[Round "2.9"]
[White "Joseph, Brandon"]
[Black "Mokoena, Lebohang"]
[Result "1-0"]
[WhiteElo "1211"]
[BlackElo "841"]
[PlyCount "45"]
[EventDate "2016.01.04"]
[EventType "team-tourn"]
[EventRounds "7"]
[EventCountry "RSA"]
[SourceTitle "CBM 170 Extra"]
[Source "ChessBase"]
[SourceDate "2016.02.25"]
[SourceVersion "1"]
[SourceVersionDate "2016.02.25"]
[SourceQuality "1"]
[WhiteTeam "Kenneth Kaunda"]
[BlackTeam "Sedibeng"]
[WhiteTeamCountry "RSA"]
[BlackTeamCountry "RSA"]

1. e4 e5 2. Nf3 Nc6 3. Bc4 Nf6 4. Nc3 Bc5 5. d3 h6 6. h3 d6 7. 0-0 0-0 8. Qe2 Nd7 9. Be3 Qf6 10. Nd5 Qg6 11. Nh4 Nb6 12. Nxg6 fxg6 13. Nxb6+ d5 14. Bxd5+ Kh7 15. Nxa8 Ne7 16. Bxc5 Re8 17. Nxc7 Rh8 18. Bxe7 Bd7 19. Qf3 b5 20. Qf7 Be8 21. Nxe8 Rxe8 22. Bf6 Rg8 23. Qxg8# 1-0

[Event "RSA-chT U18"]
[Site "Cape Town"]
[Date "2016.01.04"]
[Round "1.9"]
[White "Mokoena, Lebohang"]
[Black "Steenkamp, Armin"]
[Result "0-1"]
[WhiteElo "841"]
[BlackElo "1233"]
[PlyCount "46"]
[EventDate "2016.01.04"]
[EventType "team-tourn"]
[EventRounds "7"]
[EventCountry "RSA"]
[SourceTitle "CBM 170 Extra"]
[Source "ChessBase"]
[SourceDate "2016.02.25"]
[SourceVersion "1"]
[SourceVersionDate "2016.02.25"]
[SourceQuality "1"]
[WhiteTeam "Sedibeng"]
[BlackTeam "Tshwane"]
[WhiteTeamCountry "RSA"]
[BlackTeamCountry "RSA"]

1. e4 e5 2. Nf3 Nc6 3. Bc4 Nf6 4. Ng5 d5 5. exd5 Nd4 6. c3 b5 7. Bb3 Nxb3 8. Qxb3 Qxd5 9. Qxd5 Nxd5 10. 0-0 Nf4 11. d4 f6 12. Nf3 Ng6 13. dxe5 fxe5 14. Bg5 Bd6 15. Nbd2 Bf5 16. Rfe1 0-0 17. g3 e4 18. Nh4 Nxh4 19. Bxh4 h6 20. h3 Bxh3 21. Nxe4 g5 22. Bxg5 hxg5 23. Nxg5 Bf5 0-1